|
|
|
|
| LEADER |
01569nam a22003614a 4500 |
| 001 |
35267 |
| 003 |
BD-DhAAL |
| 005 |
20211129144938.0 |
| 008 |
190905r20052002enka bf 001 0 eng d |
| 999 |
|
|
|c 41129
|d 41129
|
| 010 |
|
|
|a 2002105581
|
| 020 |
|
|
|a 0761941266 (pbk.)
|
| 020 |
|
|
|a 9780761941262 (pbk.)
|
| 020 |
|
|
|a 0761941258 (hbk.)
|
| 035 |
|
|
|a (DLC) 2002105581
|
| 040 |
|
|
|a DLC
|c DLC
|d DLC
|d BD-DhAAL
|
| 042 |
|
|
|a pcc
|
| 050 |
0 |
0 |
|a LC4019.2
|b .P67 2002
|
| 082 |
0 |
0 |
|a 371.90472
|2 22
|
| 100 |
1 |
|
|a Porter, Louise,
|d 1958-
|9 34084
|
| 245 |
1 |
0 |
|a Educating young children with special needs /
|c Louise Porter.
|
| 260 |
|
|
|a London :
|b Paul Chapman Pub. ;
|a Thousand Oaks, Calif. :
|b Sage Publications,
|c c2002 [reprinted 2005]
|
| 300 |
|
|
|a x, 306 pages :
|b illustrations ;
|c 24 cm.
|
| 500 |
|
|
|a Contains chapters written by contributing authors James D. Kenefick and others.
|
| 504 |
|
|
|a Includes bibliographical references (pages [264]-295) and index.
|
| 526 |
|
|
|a BIED
|
| 541 |
|
|
|a Complimentary copy from BIED
|e 35267
|
| 650 |
|
0 |
|a Children with disabilities
|x Education (Preschool)
|v Handbooks, manuals, etc.
|9 34085
|
| 650 |
|
0 |
|a Children with disabilities
|x Care
|v Handbooks, manuals, etc.
|9 34086
|
| 650 |
|
0 |
|a Special education
|v Handbooks, manuals, etc.
|9 34087
|
| 852 |
|
|
|a Ayesha Abed Library
|c BIED Collection
|
| 942 |
|
|
|2 ddc
|c BK
|
| 952 |
|
|
|0 0
|1 0
|2 ddc
|4 0
|6 371_904720000000000_POR
|7 0
|9 66155
|a BRACUL
|b BRACUL
|c GEN
|d 2019-09-05
|e Complimentary copy from BIED
|l 0
|o 371.90472 POR
|p 3010035267
|r 2019-09-05
|t 1
|w 2019-09-05
|y BK
|x Transferred from BIED to General Stacks
|